00241nam a2200097Ia 4500008004100000100002500041245001900066260003200085300000800117650001800125191201s2000 xx 000 0 und d aTAKUR, Sudhirnarayan 0aManas Manjusha aN. DelhibJivan Sikhac2000 a200 aGeneral Books